[Event "Tournoi francophone 005 Groupe A"]
[Site "Skype"]
[Date "????.??.??"]
[Round "9.5"]
[White "Deville, Olivier"]
[Black "Plourde, Alain"]
[Result "1/2-1/2"]
[WhiteElo "2010"]
[BlackElo "1934"]
[PlyCount "89"]

1. c4 Nf6 2. Nf3 e6 3. g3 b6 4. Bg2 Bb7 5. O-O c5 6. Nc3 d5 7. cxd5 Nxd5 8. Re1
Be7 9. e4 Nxc3 10. bxc3 O-O 11. d4 Bf6 12. e5 Be7 13. h4 Nc6 14. Qd3 Qd7 15.
Ng5 g6 16. d5 exd5 17. e6 fxe6 18. Nxe6 Rf5 19. Bf4 c4 20. Qd2 d4 21. Nxd4 Nxd4
22. Bxb7 Qxb7 23. Qxd4 Rc8 24. Rad1 Bf6 25. Be5 Bxe5 26. Rxe5 Rxe5 27. Qxe5 Qf7
28. Rd4 Re8 29. Qb5 Re1+ 30. Kg2 Qb7+ 31. Qd5+ Qxd5+ 32. Rxd5 Rc1 33. Rd7 Rxc3
34. Rxa7 Rc2 35. Kf3 b5 36. Ke3 b4 37. g4 b3 38. axb3 cxb3 39. Rb7 b2 40. f4
Rh2 41. g5 Rxh4 42. Rxb2 h6 43. gxh6 Rxh6 44. Ke4 Rh5 45. Rb7 1/2-1/2